Documento firmado por el C. Antonio López de Santa Anna (Record no. 4822)

MARC details
000 -CABECERA
campo de control de longitud fija 01989nam a2200325 a 4500
001 - NÚMERO DE CONTROL
campo de control BRCA_5128
005 - FECHA Y HORA DE LA ÚLTIMA TRANSACCIÓN
campo de control 20190320204942.0
008 - DATOS DE LONGITUD FIJA--INFORMACIÓN GENERAL
campo de control de longitud fija 191110s1842----mx-######v---#000-0#spa-#
041 ## - CÓDIGO DE LENGUA
Código de lengua del texto/banda sonora o título independiente spa
044 ## - CÓDIGO DEL PAÍS DE LA ENTIDAD EDITORA/PRODUCTORA
Código MARC del país mx
084 ## - OTRO NÚMERO DE CLASIFICACIÓN
Número de clasificación DOC102B
Número de documento/Ítem .L67
-- 1842
100 1# - ENTRADA PRINCIPAL--NOMBRE DE PERSONA
Nombre de persona López de Santa Anna, Antonio
Fechas asociadas al nombre 1794-1876
9 (RLIN) 13089
245 10 - MENCIÓN DE TÍTULO
Título Documento firmado por el C. Antonio López de Santa Anna
Mención de responsabilidad, etc. Antonio López de Santa Anna, Eduardo Goroztiza, José María Bocanegra.
260 ## - PUBLICACIÓN, DISTRIBUCIÓN, ETC.
Lugar de publicación, distribución, etc. México
Fecha de publicación, distribución, etc. 1842
300 ## - DESCRIPCIÓN FÍSICA
Extensión [1] foja
Dimensiones 30 x 21 cm
500 ## - NOTA GENERAL
Nota general Documento firmado el 4 de enero de 1842
500 ## - NOTA GENERAL
Nota general El C. Antonio López de Santa Anna, Benemerito der la Patria, General de la División y Presidente provisional de la República Mexicana, otorga el nombramiento de Secretario de la Legación Mejicana en España a favor de Eduardo Goroztiza en atención a los meritos del mismo en las legaciones mexicanas de Prusia y España. Sueldo
Especificación de materiales ,000 conforme a la ley de 25 de mayo de 1841. Firmas de Santa Anna y José María Bocanegra
500 ## - NOTA GENERAL
Nota general El documento contiene la leyenda DOC. #265
500 ## - NOTA GENERAL
Nota general Papel con marca de agua
500 ## - NOTA GENERAL
Nota general Al margen: ESCUDO NACIONAL MEXICANO ABULTADO Y ENCABEZADO CON SELLO NACIONAL (Águila Republicana) Y LEYENDA: SELLO PRIMERO SEIS PESOS PARA LOS AÑOS DE MIL OCHOCIENTOS CUARENTA Y DOS Y OCHOCIENTOS CUARENTA Y TRES. Sello de placa con Águila Republicana
500 ## - NOTA GENERAL
Nota general Estado de conservación: Contiene acidificación
506 0# - NOTA DE RESTRICCIONES AL ACCESO
Limitaciones de acceso Fondo reservado: para su consulta es necesario credencial de usuario y carta de motivos
546 ## - NOTA DE LENGUA/LENGUAJE
Nota de lengua/lenguaje Texto en: español de mediados del siglo XIX
600 14 - PUNTO DE ACCESO ADICIONAL DE MATERIA--NOMBRE DE PERSONA
Nombre de persona López de Santa Anna, Antonio
Fechas asociadas al nombre 1794-1876
9 (RLIN) 13089
650 14 - PUNTO DE ACCESO ADICIONAL DE MATERIA--TÉRMINO DE MATERIA
Término de materia o nombre geográfico como elemento de entrada Relaciones internacionales
Subdivisión de forma Impreso con rúbricas
Subdivisión general Historia
Subdivisión cronológica Federalismo y centralismo, 1824-1853
Subdivisión geográfica México
9 (RLIN) 13090
700 1# - PUNTO DE ACCESO ADICIONAL--NOMBRE DE PERSONA
Nombre de persona Goroztiza y Cepeda, Manuel María del Pilar Eduardo
Fechas asociadas al nombre 1789-1851
9 (RLIN) 13091
700 1# - PUNTO DE ACCESO ADICIONAL--NOMBRE DE PERSONA
Nombre de persona Bocanegra, José María
Fechas asociadas al nombre 1787-1862
9 (RLIN) 13092
902 ## - CATALOGADOR
Iniciales FDH
942 ## - ELEMENTOS DE PUNTO DE ACCESO ADICIONAL (KOHA)
Fuente del sistema de clasificación o colocación Library of Congress Classification
Tipo de ítem Koha Documentos
Holdings
Estado de retiro Estado de pérdida Estado dañado No para préstamo Localización permanente Ubicación/localización actual Fecha de adquisición Total de préstamos Signatura topográfica completa Código de barras Fecha visto por última vez Precio válido a partir de Tipo de ítem Koha
El ejemplar forma parte de la colección y puede ser consultado según las políticas vigentes.       Biblioteca del Museo Franz Mayer (Rogerio Casas-Alatriste) Biblioteca del Museo Franz Mayer (Rogerio Casas-Alatriste) 19/11/2010   DOC102B .L67 1842 5472 22/03/2019 22/03/2019 Documentos